[Event "Scarborough CC-ch Reserves"]
[Site "Toronto CAN"]
[Date "2011.03.10"]
[Round "3"]
[White "Stavropoulos, Greg"]
[Black "Huston, Scott"]
[Result "1/2-1/2"]
[WhiteElo "1917"]
[BlackElo "1782"]
[PlyCount "38"]
[GameId "2160767909795890"]
[EventDate "2011.02.24"]
[EventType "swiss"]
[EventRounds "9"]
[EventCountry "CAN"]
[SourceTitle "EXT 2022"]
[Source "ChessBase"]
[SourceDate "2021.10.06"]
[SourceVersion "1"]
[SourceVersionDate "2021.10.06"]
[SourceQuality "1"]

1. c4 Nf6 2. Nf3 e6 3. g3 b6 4. Bg2 Bb7 5. O-O Be7 6. Nc3 O-O 7. d4 Na6 8. Re1 d5 9. Ne5 c5 10. e3 Qc7 11. cxd5 Nxd5 12. Nxd5 Bxd5 13. Bxd5 exd5 14. Bd2 f6 15. Nd3 c4 16. Nf4 Qd7 17. Qf3 Bb4 18. Bc3 Bxc3 19. bxc3 Nc7 1/2-1/2

[Event "Scarborough CC-ch Reserves"]
[Site "Toronto CAN"]
[Date "2011.03.10"]
[Round "3"]
[White "Triefeldt, Jack"]
[Black "Xie, Peter"]
[Result "1/2-1/2"]
[WhiteElo "1812"]
[BlackElo "1681"]
[PlyCount "38"]
[GameId "2160767909795891"]
[EventDate "2011.02.24"]
[EventType "swiss"]
[EventRounds "9"]
[EventCountry "CAN"]
[SourceTitle "EXT 2022"]
[Source "ChessBase"]
[SourceDate "2021.10.06"]
[SourceVersion "1"]
[SourceVersionDate "2021.10.06"]
[SourceQuality "1"]

1. f4 e6 2. Nf3 Nc6 3. b3 Qf6 4. Nc3 Bb4 5. Bb2 Bc5 6. e3 Qe7 7. Bb5 f5 8. O-O Nf6 9. Bxc6 bxc6 10. Ne5 Bb7 11. Nc4 Bb6 12. Nxb6 axb6 13. a4 Kf7 14. d3 Ng4 15. Qe1 Rhg8 16. h3 Nh6 17. Qe2 Qh4 18. Qf2 Qh5 19. Qf3 Qh4 1/2-1/2

[Event "Scarborough CC-ch Reserves"]
[Site "Toronto CAN"]
[Date "2011.03.10"]
[Round "3"]
[White "Ugodnikov, Arkadiy"]
[Black "Armstrong, Robert J"]
[Result "0-1"]
[WhiteElo "1845"]
[BlackElo "1715"]
[PlyCount "86"]
[GameId "2160767909795892"]
[EventDate "2011.02.24"]
[EventType "swiss"]
[EventRounds "9"]
[EventCountry "CAN"]
[SourceTitle "EXT 2022"]
[Source "ChessBase"]
[SourceDate "2021.10.06"]
[SourceVersion "1"]
[SourceVersionDate "2021.10.06"]
[SourceQuality "1"]

1. e4 g6 2. d4 Bg7 3. Nf3 d6 4. Be3 Nf6 5. Bd3 O-O 6. O-O Nc6 7. c3 e5 8. Na3 Ng4 9. Bg5 f6 10. Bc4+ Kh8 11. Bh4 g5 12. Bg3 h5 13. h3 h4 14. Bxh4 gxh4 15. Nxh4 Nh6 16. Ng6+ Kh7 17. Nxf8+ Qxf8 18. f4 exd4 19. cxd4 Qe8 20. Re1 a6 21. Nc2 Qg6 22. Qf3 Bd7 23. Rad1 Re8 24. Bd3 f5 25. e5 dxe5 26. dxe5 Ne7 27. Ne3 Bc6 28. Qf2 Kh8 29. Bc4 b5 30. Bb3 Be4 31. Rd7 c6 32. Red1 Qh5 33. Rd8 Rxd8 34. Rxd8+ Kh7 35. Qd2 Ng6 36. Qf2 Ne7 37. Bd1 Qf7 38. b3 Bf8 39. Qe2 Nd5 40. Nxd5 Bxd5 41. Qf2 Qe7 42. Rd6 Qg7 43. Rd8 Bc5 0-1

[Event "Scarborough CC-ch Reserves"]
[Site "Toronto CAN"]
[Date "2011.03.10"]
[Round "3"]
[White "Verde, Pino"]
[Black "Moran-Venegas, Mario"]
[Result "0-1"]
[WhiteElo "1694"]
[BlackElo "1773"]
[PlyCount "72"]
[GameId "2160767909795893"]
[EventDate "2011.02.24"]
[EventType "swiss"]
[EventRounds "9"]
[EventCountry "CAN"]
[SourceTitle "EXT 2022"]
[Source "ChessBase"]
[SourceDate "2021.10.06"]
[SourceVersion "1"]
[SourceVersionDate "2021.10.06"]
[SourceQuality "1"]

1. e4 c5 2. Nf3 d6 3. Bc4 e6 4. O-O Nc6 5. c3 Nf6 6. d3 Be7 7. Re1 O-O 8. Bb3 b6 9. Bc2 Bb7 10. d4 cxd4 11. Nxd4 Ne5 12. f4 Ng6 13. Qf3 Rc8 14. g3 Qc7 15. h4 d5 16. e5 Ne4 17. h5 Nh8 18. Nd2 Nxd2 19. Bxd2 Bc5 20. Rac1 f5 21. exf6 Rxf6 22. b4 Bxd4+ 23. cxd4 Qd6 24. g4 Nf7 25. Qd3 g6 26. hxg6 Rxg6 27. Qg3 Rg7 28. Re3 Rc4 29. Rce1 Bc8 30. Bb3 Rc7 31. Qf3 Nh6 32. g5 Nf5 33. Rxe6 Bxe6 34. Rxe6 Nxd4 35. Re8+ Kf7 36. Qe4 Nxb3 0-1

[Event "Scarborough CC-ch Reserves"]
[Site "Toronto CAN"]
[Date "2011.03.10"]
[Round "3"]
[White "Ward, Dean"]
[Black "Radpey, Abdolreza"]
[Result "1-0"]
[WhiteElo "1811"]
[BlackElo "1646"]
[PlyCount "77"]
[GameId "2160767909795894"]
[EventDate "2011.02.24"]
[EventType "swiss"]
[EventRounds "9"]
[EventCountry "CAN"]
[SourceTitle "EXT 2022"]
[Source "ChessBase"]
[SourceDate "2021.10.06"]
[SourceVersion "1"]
[SourceVersionDate "2021.10.06"]
[SourceQuality "1"]

1. d4 d5 2. c4 dxc4 3. e3 b5 4. a4 c6 5. axb5 cxb5 6. Qf3 a6 7. Qxa8 Qc7 8. Qe4 Nf6 9. Qc2 e6 10. Nf3 Bb7 11. Nc3 Bb4 12. Bd2 O-O 13. Be2 Ng4 14. h3 Nh6 15. e4 Rd8 16. Bxh6 gxh6 17. O-O Bf8 18. Rfd1 Bg7 19. d5 Bxc3 20. Qxc3 exd5 21. exd5 Re8 22. d6 Qd8 23. Bf1 Nd7 24. Re1 Rf8 25. Qe3 Kg7 26. Nd4 Qf6 27. Qe7 Qxd4 28. Qxd7 Bc8 29. Qe7 Qxb2 30. d7 Bxd7 31. Qxd7 Qb4 32. Qe7 Qxe7 33. Rxe7 Ra8 34. Rc7 h5 35. Rc6 f6 36. Raxa6 Rb8 37. Rab6 Rxb6 38. Rxb6 c3 39. Rxb5 1-0

[Event "Scarborough CC-ch Reserves"]
[Site "Toronto CAN"]
[Date "2011.03.17"]
[Round "4"]
[White "Bao, Stephen"]
[Black "Stavropoulos, Greg"]
[Result "1/2-1/2"]
[WhiteElo "1773"]
[BlackElo "1917"]
[PlyCount "94"]
[GameId "2160767909795896"]
[EventDate "2011.02.24"]
[EventType "swiss"]
[EventRounds "9"]
[EventCountry "CAN"]
[SourceTitle "EXT 2022"]
[Source "ChessBase"]
[SourceDate "2021.10.06"]
[SourceVersion "1"]
[SourceVersionDate "2021.10.06"]
[SourceQuality "1"]

1. d4 Nf6 2. c4 c5 3. d5 b5 4. cxb5 a6 5. b6 Qxb6 6. Nc3 g6 7. e4 d6 8. Nf3 Bg7 9. Qc2 O-O 10. Be2 Nbd7 11. h3 Rb8 12. Rb1 h6 13. O-O Ne8 14. Be3 a5 15. Qd2 Kh7 16. Nh2 Ba6 17. Na4 Qb7 18. Bxa6 Qxa6 19. b3 Nef6 20. Qc2 Rfc8 21. f3 Ne5 22. Ng4 Nfxg4 23. hxg4 Nd3 24. Qe2 Nb4 25. Qxa6 Nxa6 26. Bd2 Nb4 27. Bxb4 Rxb4 28. Nb2 Bd4+ 29. Kh2 Bxb2 30. Rxb2 Kg7 31. Rc1 a4 32. Rcb1 Rcb8 33. Kg3 axb3 34. Rxb3 Rxb3 35. Rxb3 Rxb3 36. axb3 Kf6 37. f4 e6 38. Kf3 exd5 39. exd5 Ke7 40. Ke4 Kd7 41. Kd3 Kc7 42. Kc4 Kb6 43. b4 cxb4 44. Kxb4 Ka6 45. Kc4 Kb6 46. Kb4 Ka6 47. Ka4 Kb6 1/2-1/2

[Event "Scarborough CC-ch Reserves"]
[Site "Toronto CAN"]
[Date "2011.03.17"]
[Round "4"]
[White "Bellomo, Joe"]
[Black "Zotkin, Daniel"]
[Result "0-1"]
[WhiteElo "1763"]
[BlackElo "1671"]
[PlyCount "80"]
[GameId "2160767909795897"]
[EventDate "2011.02.24"]
[EventType "swiss"]
[EventRounds "9"]
[EventCountry "CAN"]
[SourceTitle "EXT 2022"]
[Source "ChessBase"]
[SourceDate "2021.10.06"]
[SourceVersion "1"]
[SourceVersionDate "2021.10.06"]
[SourceQuality "1"]

1. e4 c5 2. Nf3 Nc6 3. d4 cxd4 4. Nxd4 g6 5. Nc3 Bg7 6. Be3 Nf6 7. f3 Qb6 8. Nf5 Qxb2 9. Nxg7+ Kf8 10. Bd2 Kxg7 11. Be2 Qb6 12. Rb1 Qc7 13. O-O d6 14. Nb5 Qd8 15. f4 Nxe4 16. Be3 Be6 17. Qd3 Nf6 18. Rb2 Re8 19. Nd4 Nxd4 20. Bxd4 Qc7 21. c3 Bf5 22. Qb5 e5 23. fxe5 dxe5 24. Bc5 b6 25. Be3 Qxc3 26. Rb3 Qc7 27. Bf3 e4 28. Be2 Be6 29. Qg5 Ng8 30. Bd4+ Kf8 31. Rg3 Qd8 32. Qe3 Bxa2 33. Qa3+ Ne7 34. Qxa2 Qxd4+ 35. Kh1 Qg7 36. Qe6 Nf5 37. Qc4 Nxg3+ 38. hxg3 Rac8 39. Qb4+ Kg8 40. Kg1 Qc3 0-1

[Event "Scarborough CC-ch Reserves"]
[Site "Toronto CAN"]
[Date "2011.03.17"]
[Round "4"]
[White "Cale, Ferdinand"]
[Black "Posaratnanathan, Juliaan"]
[Result "0-1"]
[WhiteElo "1679"]
[BlackElo "1889"]
[PlyCount "87"]
[GameId "2160767909795898"]
[EventDate "2011.02.24"]
[EventType "swiss"]
[EventRounds "9"]
[EventCountry "CAN"]
[SourceTitle "EXT 2022"]
[Source "ChessBase"]
[SourceDate "2021.10.06"]
[SourceVersion "1"]
[SourceVersionDate "2021.10.06"]
[SourceQuality "1"]

1. d4 Nf6 2. c4 e6 3. Bg5 Be7 4. Bxf6 Bxf6 5. Nc3 O-O 6. e3 c5 7. Nf3 Nc6 8. d5 Ne5 9. Nxe5 Bxe5 10. Rc1 d6 11. Qd2 Qf6 12. f4 Bxc3 13. Rxc3 e5 14. Be2 exf4 15. exf4 Bf5 16. O-O Rfe8 17. Rfc1 Qd4+ 18. Qxd4 cxd4 19. Bd3 dxc3 20. Bxf5 cxb2 21. Rb1 Re2 22. Kf1 Rae8 23. Rd1 g6 24. Bd3 R2e3 25. Rb1 Rxd3 26. Rxb2 b6 27. Rc2 Rd4 28. g3 Ree4 29. Kf2 Rxc4 30. Rd2 Red4 31. Re2 Kf8 32. Kf3 h5 33. f5 Rc3+ 34. Kg2 Rxd5 35. fxg6 fxg6 36. Re6 Kf7 37. Re2 g5 38. Kh3 h4 39. Kg4 hxg3 40. hxg3 Rd4+ 41. Kh5 Rxg3 42. Rf2+ Kg7 43. Rh2 Rh4+ 44. Rxh4 0-1

[Event "Scarborough CC-ch Reserves"]
[Site "Toronto CAN"]
[Date "2011.03.17"]
[Round "4"]
[White "Ferreira, Alex"]
[Black "Huston, Scott"]
[Result "1/2-1/2"]
[WhiteElo "2105"]
[BlackElo "1782"]
[PlyCount "108"]
[GameId "2160767909795899"]
[EventDate "2011.02.24"]
[EventType "swiss"]
[EventRounds "9"]
[EventCountry "CAN"]
[SourceTitle "EXT 2022"]
[Source "ChessBase"]
[SourceDate "2021.10.06"]
[SourceVersion "1"]
[SourceVersionDate "2021.10.06"]
[SourceQuality "1"]

1. e4 c5 2. Nf3 d6 3. d4 cxd4 4. Nxd4 Nf6 5. Nc3 a6 6. a4 e5 7. Nf3 h6 8. Bc4 Be6 9. Bxe6 fxe6 10. O-O Be7 11. Qe2 Qc7 12. Be3 O-O 13. a5 Nbd7 14. Rfd1 Rac8 15. Ne1 Qc6 16. Qd3 Ng4 17. Na4 Nxe3 18. Qxe3 Nf6 19. Qb3 d5 20. exd5 exd5 21. Nd3 Qxc2 22. Qxc2 Rxc2 23. Nxe5 Bb4 24. Nd3 Bxa5 25. b4 Bc7 26. Rac1 Rxc1 27. Rxc1 Bd6 28. Ndc5 Rc8 29. Re1 Bxc5 30. Nxc5 a5 31. Nxb7 axb4 32. f3 Rc2 33. Rb1 Rc4 34. Kf1 Kf8 35. Nd6 Rf4 36. Ke2 Nd7 37. g3 Rf6 38. Nb5 Rc6 39. Rxb4 Rc2+ 40. Ke3 Rxh2 41. Nd6 Ke7 42. Nf5+ Kf6 43. Nxg7 Kxg7 44. Rb7 Kf6 45. Rxd7 Ke6 46. Ra7 Ke5 47. Ra5 h5 48. Ra8 h4 49. Re8+ Kd6 50. g4 h3 51. Rh8 Rh1 52. Kf2 Ke6 53. f4 Ke7 54. Rh5 Ke6 1/2-1/2

[Event "Scarborough CC-ch Reserves"]
[Site "Toronto CAN"]
[Date "2011.03.17"]
[Round "4"]
[White "Jizan, Masoud"]
[Black "Ward, Dean"]
[Result "1-0"]
[WhiteElo "1731"]
[BlackElo "1811"]
[PlyCount "94"]
[GameId "2160767909795900"]
[EventDate "2011.02.24"]
[EventType "swiss"]
[EventRounds "9"]
[EventCountry "CAN"]
[SourceTitle "EXT 2022"]
[Source "ChessBase"]
[SourceDate "2021.10.06"]
[SourceVersion "1"]
[SourceVersionDate "2021.10.06"]
[SourceQuality "1"]

1. c4 c5 2. Nc3 g6 3. e4 Bg7 4. f4 Qa5 5. Nf3 Nc6 6. Be2 d6 7. O-O Bd7 8. a3 Nh6 9. d3 Nd4 10. e5 Nhf5 11. Bd2 Qd8 12. exd6 Nxe2+ 13. Qxe2 Nxd6 14. Rfe1 e6 15. Rab1 O-O 16. b4 cxb4 17. axb4 Nf5 18. Ne5 Bc8 19. Be3 Nxe3 20. Qxe3 Re8 21. d4 a6 22. Na4 b5 23. cxb5 axb5 24. Nc5 Qd5 25. Qe4 Qxe4 26. Nxe4 Bb7 27. Nd6 Reb8 28. Ra1 Rxa1 29. Rxa1 Bxe5 30. dxe5 Bd5 31. Ra7 Ra8 32. Rxa8+ Bxa8 33. Nxb5 Kf8 34. g3 Bd5 35. Kf2 Ke7 36. Ke3 f5 37. Kd4 Kd7 38. Kc5 Kc8 39. Nc3 Bb3 40. Kc6 Kb8 41. b5 Kc8 42. b6 Kb8 43. b7 Bc2 44. Kd6 Bb3 45. Kc6 Bc2 46. Kb6 Be4 47. Kc5 Bxb7 1-0

[Event "Scarborough CC-ch Reserves"]
[Site "Toronto CAN"]
[Date "2011.03.17"]
[Round "4"]
[White "Krupka, David"]
[Black "Lin, Tony (Juntao)"]
[Result "0-1"]
[WhiteElo "2035"]
[BlackElo "1936"]
[PlyCount "80"]
[GameId "2160767909795901"]
[EventDate "2011.02.24"]
[EventType "swiss"]
[EventRounds "9"]
[EventCountry "CAN"]

1. e4 c5 2. Nf3 d6 3. d4 cxd4 4. Nxd4 Nf6 5. Nc3 Nc6 6. Bg5 e6 7. f4 a6 8. Qd2 Bd7 9. O-O-O b5 10. e5 dxe5 11. Nxc6 Bxc6 12. Qxd8+ Rxd8 13. Rxd8+ Kxd8 14. fxe5 h6 15. Bxf6+ gxf6 16. exf6 Rg8 17. Ne2 Bc5 18. Ng3 Rg6 19. Bd3 Rxf6 20. Ne4 Be3+ 21. Kb1 Rg6 22. Rd1 Ke7 23. g3 Rg8 24. Re1 Bb6 25. a4 h5 26. axb5 axb5 27. Nc3 h4 28. gxh4 b4 29. Ne4 Rh8 30. Ng3 Ke8 31. h5 Bc7 32. Be4 Bb5 33. Bf3 Bd6 34. Rd1 Be7 35. Rd4 f5 36. c3 bxc3 37. bxc3 Kf7 38. c4 Ba4 39. c5 Rb8+ 40. Ka2 Bb3+ 0-1

[Event "Scarborough CC-ch Reserves"]
[Site "Toronto CAN"]
[Date "2011.03.17"]
[Round "4"]
[White "Mesiti, Silvano"]
[Black "Maister, Martin"]
[Result "1/2-1/2"]
[WhiteElo "1626"]
[BlackElo "1772"]
[PlyCount "44"]
[GameId "2160767909795902"]
[EventDate "2011.02.24"]
[EventType "swiss"]
[EventRounds "9"]
[EventCountry "CAN"]
[SourceTitle "EXT 2022"]
[Source "ChessBase"]
[SourceDate "2021.10.06"]
[SourceVersion "1"]
[SourceVersionDate "2021.10.06"]
[SourceQuality "1"]

1. e4 c5 2. Nf3 d6 3. Nc3 Nc6 4. Bb5 Bd7 5. O-O e6 6. d4 Be7 7. d5 Nb4 8. dxe6 fxe6 9. Bxd7+ Qxd7 10. a3 Nc6 11. Ng5 Nf6 12. Nf3 O-O-O 13. Qe2 Ng4 14. Rd1 Nge5 15. Nxe5 Nxe5 16. Be3 Qe8 17. b4 Bf6 18. Rab1 cxb4 19. Rxb4 Nc6 20. Rc4 Kb8 21. Nb5 d5 22. Ra4 dxe4 1/2-1/2

[Event "Scarborough CC-ch Reserves"]
[Site "Toronto CAN"]
[Date "2011.03.17"]
[Round "4"]
[White "Pedersen, Rune"]
[Black "Manalo, Pepin"]
[Result "1-0"]
[WhiteElo "2303"]
[BlackElo "1762"]
[PlyCount "35"]
[GameId "2160767909795903"]
[EventDate "2011.02.24"]
[EventType "swiss"]
[EventRounds "9"]
[EventCountry "CAN"]
[SourceTitle "EXT 2022"]
[Source "ChessBase"]
[SourceDate "2021.10.06"]
[SourceVersion "1"]
[SourceVersionDate "2021.10.06"]
[SourceQuality "1"]

1. d4 Nf6 2. Nf3 d5 3. c4 c6 4. Nc3 g6 5. g3 Bg7 6. Bg2 dxc4 7. O-O Bf5 8. Ne5 Be6 9. e4 Qc8 10. Qe2 b5 11. d5 Bh3 12. Bxh3 Qxh3 13. dxc6 Qe6 14. Nxb5 Qxe5 15. Qxc4 Na6 16. Bf4 Qe6 17. Qa4 Qxc6 18. Nc7+ 1-0

[Event "Scarborough CC-ch Reserves"]
[Site "Toronto CAN"]
[Date "2011.03.17"]
[Round "4"]
[White "Radpey, Abdolreza"]
[Black "Triefeldt, Jack"]
[Result "1/2-1/2"]
[WhiteElo "1646"]
[BlackElo "1812"]
[PlyCount "62"]
[GameId "2160767909795904"]
[EventDate "2011.02.24"]
[EventType "swiss"]
[EventRounds "9"]
[EventCountry "CAN"]
[SourceTitle "EXT 2022"]
[Source "ChessBase"]
[SourceDate "2021.10.06"]
[SourceVersion "1"]
[SourceVersionDate "2021.10.06"]
[SourceQuality "1"]

1. c4 c6 2. Nc3 Nf6 3. e4 e5 4. Nf3 d6 5. h3 g6 6. d3 Bg7 7. Be2 O-O 8. Be3 c5 9. Qd2 Nc6 10. Bg5 Qa5 11. O-O Nd4 12. Nxd4 cxd4 13. Nb5 Qxd2 14. Bxd2 Rd8 15. f4 Ne8 16. g4 Bd7 17. Na3 a6 18. b4 b5 19. cxb5 axb5 20. Nc2 Be6 21. a3 Bb3 22. Ne1 Rdc8 23. Rc1 Rxc1 24. Bxc1 Rc8 25. Bb2 exf4 26. Rxf4 Be5 27. Rf3 Ng7 28. a4 Ne6 29. Kf2 h6 30. Bf1 Bd1 31. Be2 Bb3 1/2-1/2

[Event "Scarborough CC-ch Reserves"]
[Site "Toronto CAN"]
[Date "2011.03.17"]
[Round "4"]
[White "Rutherdale, William"]
[Black "Verde, Pino"]
[Result "0-1"]
[WhiteElo "1676"]
[BlackElo "1694"]
[PlyCount "72"]
[GameId "2160767909795905"]
[EventDate "2011.02.24"]
[EventType "swiss"]
[EventRounds "9"]
[EventCountry "CAN"]
[SourceTitle "EXT 2022"]
[Source "ChessBase"]
[SourceDate "2021.10.06"]
[SourceVersion "1"]
[SourceVersionDate "2021.10.06"]
[SourceQuality "1"]

1. d4 Nf6 2. c4 e6 3. Nc3 Bb4 4. Qc2 c5 5. e3 Nc6 6. Nf3 O-O 7. Be2 Bxc3+ 8. Qxc3 cxd4 9. exd4 Ne4 10. Qc2 Qa5+ 11. Kf1 f5 12. g3 Nb4 13. Qb3 b6 14. a3 Nc6 15. Kg2 Bb7 16. Rd1 Ne7 17. Be3 g5 18. Kg1 f4 19. Bd2 Nxd2 20. Nxd2 Nf5 21. Qd3 Rf6 22. Bf3 Bxf3 23. Nxf3 fxg3 24. hxg3 Nh6 25. d5 Qc5 26. b4 Qe7 27. Nxg5 Raf8 28. f4 Nf5 29. d6 Qg7 30. c5 h6 31. Ne4 Rg6 32. Kf2 Nxg3 33. Nxg3 Rxf4+ 34. Ke1 Rxg3 35. Qe2 Qc3+ 36. Qd2 Re3# 0-1

[Event "Scarborough CC-ch Reserves"]
[Site "Toronto CAN"]
[Date "2011.03.17"]
[Round "4"]
[White "Wiebe, Daniel"]
[Black "Paterson, Jim"]
[Result "1-0"]
[WhiteElo "1979"]
[BlackElo "1825"]
[PlyCount "55"]
[GameId "2160767909795907"]
[EventDate "2011.02.24"]
[EventType "swiss"]
[EventRounds "9"]
[EventCountry "CAN"]
[SourceTitle "EXT 2022"]
[Source "ChessBase"]
[SourceDate "2021.10.06"]
[SourceVersion "1"]
[SourceVersionDate "2021.10.06"]
[SourceQuality "1"]

1. e4 c5 2. Nf3 g6 3. d4 Bg7 4. Nc3 cxd4 5. Nxd4 Nc6 6. Be3 d6 7. Qd2 Bg4 8. Bc4 a6 9. Bb3 Nf6 10. f3 Bd7 11. O-O-O Na5 12. Bh6 Nxb3+ 13. cxb3 Kf8 14. h4 Kg8 15. g4 Qf8 16. Bxg7 Qxg7 17. Nde2 h5 18. e5 Nxg4 19. fxg4 Qxe5 20. g5 Rc8 21. Kb1 Bf5+ 22. Ka1 Kh7 23. Nd4 Rhe8 24. Nxf5 gxf5 25. Nd5 Qh8 26. Rhe1 Qf8 27. Qe2 Kg6 28. Nxe7+ 1-0

[Event "Scarborough CC-ch Reserves"]
[Site "Toronto CAN"]
[Date "2011.03.17"]
[Round "4"]
[White "Xie, Peter"]
[Black "Morra, Lui"]
[Result "1-0"]
[WhiteElo "1681"]
[BlackElo "1831"]
[PlyCount "85"]
[GameId "2160767909795908"]
[EventDate "2011.02.24"]
[EventType "swiss"]
[EventRounds "9"]
[EventCountry "CAN"]
[SourceTitle "EXT 2022"]
[Source "ChessBase"]
[SourceDate "2021.10.06"]
[SourceVersion "1"]
[SourceVersionDate "2021.10.06"]
[SourceQuality "1"]

1. e4 c5 2. Nc3 Nc6 3. g3 g6 4. Bg2 Bg7 5. Nge2 d6 6. O-O Bg4 7. h3 Bd7 8. d3 Nf6 9. Kh2 Rb8 10. f4 e6 11. g4 O-O 12. Ng3 Ne8 13. f5 Nd4 14. Nce2 Bc6 15. Nxd4 Bxd4 16. c3 Bf6 17. fxe6 fxe6 18. g5 Be5 19. Rxf8+ Kxf8 20. Qf3+ Kg8 21. Qg4 Qe7 22. Bf4 Bg7 23. Rf1 b5 24. e5 Bxg2 25. exd6 Nxd6 26. Kxg2 Rd8 27. Qe2 Qb7+ 28. Kh2 Qd5 29. Bxd6 Rxd6 30. Qf3 Qxf3 31. Rxf3 b4 32. Ne4 Rb6 33. Rf2 Be5+ 34. Kg2 bxc3 35. bxc3 Rb5 36. a4 Ra5 37. Ra2 Kf7 38. Kf3 Ke7 39. Ke3 Kd7 40. d4 cxd4+ 41. cxd4 Bg7 42. Nc5+ Kd6 43. Nb7+ 1-0

[Event "Scarborough CC-ch Reserves"]
[Site "Toronto CAN"]
[Date "2011.03.17"]
[Round "4"]
[White "Zhang, John"]
[Black "Bellissimo, Joseph"]
[Result "0-1"]
[WhiteElo "1555"]
[BlackElo "2012"]
[PlyCount "101"]
[GameId "2160767909795909"]
[EventDate "2011.02.24"]
[EventType "swiss"]
[EventRounds "9"]
[EventCountry "CAN"]
[SourceTitle "EXT 2022"]
[Source "ChessBase"]
[SourceDate "2021.10.06"]
[SourceVersion "1"]
[SourceVersionDate "2021.10.06"]
[SourceQuality "1"]

1. e4 e5 2. Nf3 Nf6 3. Nc3 Nc6 4. g3 Bc5 5. Bg2 d6 6. d3 a6 7. O-O Be6 8. Be3 Nd4 9. h3 Qd7 10. Ng5 h6 11. Nxe6 Nxe6 12. Qd2 Bxe3 13. fxe3 O-O 14. Rf5 Ng5 15. Raf1 Rae8 16. Qe2 c6 17. Nd1 Ngh7 18. Nc3 Qe6 19. d4 g6 20. R5f2 Nh5 21. d5 Qe7 22. Kh2 c5 23. Bf3 Ng7 24. Bg2 b5 25. a4 b4 26. Nb1 Ra8 27. b3 a5 28. Nd2 Qc7 29. Nc4 f5 30. g4 fxg4 31. Qxg4 Rxf2 32. Rxf2 Rf8 33. Rxf8+ Nxf8 34. Qh4 h5 35. Qf6 Ne8 36. Qg5 Kf7 37. Bf1 Nh7 38. Qg2 Nhf6 39. Nd2 Qe7 40. Nf3 Nxe4 41. Bd3 Ng5 42. h4 Nxf3+ 43. Qxf3+ Kg7 44. Qe4 Qf7 45. Kg3 Nf6 46. Qf3 Qxd5 47. Qxd5 Nxd5 48. Kf2 Kf6 49. e4 Nf4 50. Bc4 g5 51. Kg3 0-1

[Event "Scarborough CC-ch Reserves"]
[Site "Toronto CAN"]
[Date "2011.03.24"]
[Round "5"]
[White "Armstrong, Robert J"]
[Black "Ferreira, Alex"]
[Result "0-1"]
[WhiteElo "1715"]
[BlackElo "2081"]
[PlyCount "39"]
[GameId "2160767909795910"]
[EventDate "2011.02.24"]
[EventType "swiss"]
[EventRounds "9"]
[EventCountry "CAN"]
[SourceTitle "EXT 2022"]
[Source "ChessBase"]
[SourceDate "2021.10.06"]
[SourceVersion "1"]
[SourceVersionDate "2021.10.06"]
[SourceQuality "1"]

1. d4 d6 2. c4 e5 3. d5 f5 4. Nc3 g5 5. e4 h5 6. exf5 Qf6 7. Nb5 Na6 8. Qe2 c6 9. dxc6 bxc6 10. Nd4 Qg6 11. Nxc6 Ne7 12. Nxe7 Bxe7 13. Nf3 g4 14. Nd2 Nb4 15. Ne4 O-O 16. Nc3 a5 17. Rb1 a4 18. Be3 Bg5 19. Bxg5 Kf7 20. Nd5 0-1

[Event "Scarborough CC-ch Reserves"]
[Site "Toronto CAN"]
[Date "2011.03.24"]
[Round "5"]
[White "Armstrong, Robert J"]
[Black "Ferreira, Alex"]
[Result "0-1"]
[WhiteElo "1715"]
[BlackElo "2081"]
[PlyCount "84"]
[GameId "2160767909795911"]
[EventDate "2011.02.24"]
[EventType "swiss"]
[EventRounds "9"]
[EventCountry "CAN"]
[SourceTitle "EXT 2022"]
[Source "ChessBase"]
[SourceDate "2021.10.06"]
[SourceVersion "1"]
[SourceVersionDate "2021.10.06"]
[SourceQuality "1"]

1. d4 d6 2. c4 e5 3. d5 f5 4. Nc3 g5 5. e4 h5 6. exf5 Bxf5 7. Bd3 Qf6 8. Nb5 Na6 9. Qe2 c6 10. dxc6 bxc6 11. Bxf5 Qxf5 12. Nd4 Qg6 13. Nxc6 Ne7 14. Nxe7 Bxe7 15. Nf3 g4 16. Nd2 Nb4 17. Ne4 O-O 18. O-O Nc6 19. Nc3 Nd4 20. Qe4 Qxe4 21. Nxe4 Rfc8 22. b3 a5 23. Rb1 a4 24. Be3 Nf5 25. Bg5 Bxg5 26. Nxg5 axb3 27. axb3 Ra2 28. Rfd1 Nd4 29. Ne4 Rc6 30. Nf6+ Kf7 31. Nd5 Ra3 32. Rxd4 exd4 33. Kf1 Rca6 34. b4 d3 35. Ke1 Ra2 36. b5 Re2+ 37. Kd1 Raa2 38. Nb4 Rad2+ 39. Kc1 Rxf2 40. b6 Rde2 41. Nc2 Rxc2+ 42. Kd1 Rf1# 0-1

[Event "Scarborough CC-ch Reserves"]
[Site "Toronto CAN"]
[Date "2011.03.24"]
[Round "5"]
[White "Bellissimo, Joseph"]
[Black "Bao, Stephen"]
[Result "1/2-1/2"]
[WhiteElo "1977"]
[BlackElo "1773"]
[PlyCount "120"]
[GameId "2160767909795912"]
[EventDate "2011.02.24"]
[EventType "swiss"]
[EventRounds "9"]
[EventCountry "CAN"]
[SourceTitle "EXT 2022"]
[Source "ChessBase"]
[SourceDate "2021.10.06"]
[SourceVersion "1"]
[SourceVersionDate "2021.10.06"]
[SourceQuality "1"]

1. e4 e5 2. Nf3 Nc6 3. Bc4 Bc5 4. c3 Nf6 5. d4 exd4 6. cxd4 Bb4+ 7. Bd2 Bxd2+ 8. Nbxd2 d6 9. O-O O-O 10. Re1 Bg4 11. Qc2 Nd7 12. a3 Qf6 13. Qc3 Rac8 14. Bd5 Nd8 15. e5 dxe5 16. dxe5 Qe7 17. Qd4 Bxf3 18. Nxf3 c5 19. Qe4 Nb6 20. Bb3 Ne6 21. Rad1 Rc7 22. Rd6 c4 23. Bc2 g6 24. Red1 Rfc8 25. Nd4 Nxd4 26. Qxd4 Re8 27. f4 Nc8 28. Rd7 Rxd7 29. Qxd7 Nb6 30. Qd4 Qe6 31. Be4 Re7 32. Qd8+ Re8 33. Qf6 Qg4 34. Bf3 Qc8 35. Kh1 Nd7 36. Qd6 Nc5 37. Qd4 b5 38. Be2 a6 39. Qe3 Na4 40. Qd2 Qc5 41. Qd7 Re7 42. Qd6 Qxd6 43. exd6 Rd7 44. Rd2 Nc5 45. Bf3 Nd3 46. g3 Rxd6 47. Kg1 Re6 48. Be2 Nc5 49. Bf3 Nd3 50. Be2 Re3 51. Bxd3 cxd3 52. Kf2 Re6 53. Rxd3 Rc6 54. Rc3 Rxc3 55. bxc3 Kf8 56. Ke3 Ke7 57. Kd4 Kd6 58. c4 Kc6 59. g4 h6 60. h4 f6 1/2-1/2